1113 1516 1090 1652 1223 1551 1174 1400 1101 1409 1694 1383 1040 1981 1272 1756 1175 1652 1317 1829 1945 1994 1752 1633 1629 1785 1264 1696 1593 1518 1247 1250 1545 1688 1205 1403 1897 1269 1789 1500 1945 1741 1452 1514 1113 1910 1306 1782 1061 1713 1987 1417 1512 1531 1588 1719 1315 1743 1898 1813 1288 1371 1882 1445 1623 1211 1274 1493 1314 1088 1054 1436 1267 1137 1434 1175 1673 1317 1699 1498 1921 1932 1337 1982 1448 1555 1877 1873 1169 1308 1961 1326 1029 1187 1405 1049 1395 1520 1404 BCNSPRNW ULIB Ver.6.0+V

เปลี่ยนเป็นภาษาไทย

Change to English
 แสดงรายละเอียดบรรณานุกรม
  กลับหน้าหลัก

Brief Record : Get Marc (ISO 2709) : E-mail record : QR code < ปิดหน้าต่าง
LEADER : 00000nam 2200000uu 4500
001    13399125399
003     ULIB
008    170524s2559||||th 000 0 tha d
020    ^a9786167902449
060 04 ^aWS104^bจ493พ
100 0  ^aจิรนันท์ วีรกุล
245 00 ^aพัฒนาการผิดปกติที่พบบ่อยในเด็กแรกเกิด-5ปี /^cจิรนันท์ วีรกุล
250    ^aพิมพ์ครั้งที่ 1
260    ^aพิษณุโลก :^bสำนักพิมพ์มหาวิทยาลัยนเรศวร, ^c2559
300    ^a89 หน้า ;^c26 ซม.
505 0  ^aพัฒนาการผิดปกติ -- พื้นอารมณ์ของเด็ก -- พัฒนาการด้านกล้ามเนื้อมัดใญ่ผิดปกติ -- พัฒนาการด้านกล้ามเนื้อมัดเล็กผิดปกติ -- พัฒนาการด้านการพูดและการสื่อความหมายล่าช้า -- พัฒนาการด้านสังคมและการช่วยเหลือตนเองผิดปกติ
650  4 ^aเด็ก
650  4 ^aพัฒนาการของเด็ก
650  4 ^aเด็ก^xการบริบาลและสุขวิทยา
945    ^p0^l0^i002199
945    ^p0^l0^i002200
945    ^p0^l0^i002201
945    ^p0^l0^i002202
945    ^p0^l0^i002203
945    ^p0^l0^i002204
945    ^p0^l0^i002205
945    ^p0^l0^i002206
945    ^p0^l0^i002207
945    ^p0^l0^i002208
945    ^p0^l0^i002209
945    ^p0^l0^i002210
999    ^aวรรณษา ชูชัยมงคล
รายการนี้ยังไม่มีแท็ก
คุณยังไม่ได้ล็อกอิน คุณสามารถมีกิจกรรมร่วมกับเว็บไซต์ได้ แต่ต้องล็อกอินก่อน ::
  ล็อกอิน

รายการสื่อสารสนเทศ

ลำดับที่ ประเภท เลขเรียก/บาร์โค้ด สถานที่ สถานะ
1. วิทยาศาสตร์การแพทย์ และสุขภาพ
วิทยาศาสตร์การแพทย์ และสุขภาพ
สถานะ=หนังสือเก่า
WS104 จ493พ ฉ.1 
  Barcode: 002199
ห้องสมุดวิทยาเขตสวรรค์ประชารักษ์
►ส่วนจัดเก็บหนังสือเก่า สปร
บนชั้น
  ขอยืม
2. วิทยาศาสตร์การแพทย์ และสุขภาพ
วิทยาศาสตร์การแพทย์ และสุขภาพ
สถานะ=หนังสือเก่า
WS104 จ493พ ฉ.10 
  Barcode: 002208
ห้องสมุดวิทยาเขตสวรรค์ประชารักษ์
►ส่วนจัดเก็บหนังสือเก่า สปร
บนชั้น
  ขอยืม
3. วิทยาศาสตร์การแพทย์ และสุขภาพ
วิทยาศาสตร์การแพทย์ และสุขภาพ
สถานะ=หนังสือเก่า
WS104 จ493พ ฉ.11 
  Barcode: 002209
ห้องสมุดวิทยาเขตสวรรค์ประชารักษ์
►ส่วนจัดเก็บหนังสือเก่า สปร
บนชั้น
  ขอยืม
4. วิทยาศาสตร์การแพทย์ และสุขภาพ
วิทยาศาสตร์การแพทย์ และสุขภาพ
สถานะ=หนังสือเก่า
WS104 จ493พ ฉ.12 
  Barcode: 002210
ห้องสมุดวิทยาเขตสวรรค์ประชารักษ์
►ส่วนจัดเก็บหนังสือเก่า สปร
บนชั้น
  ขอยืม
5. วิทยาศาสตร์การแพทย์ และสุขภาพ
วิทยาศาสตร์การแพทย์ และสุขภาพ
สถานะ=หนังสือเก่า
WS104 จ493พ ฉ.2 
  Barcode: 002200
ห้องสมุดวิทยาเขตสวรรค์ประชารักษ์
►ส่วนจัดเก็บหนังสือเก่า สปร
บนชั้น
  ขอยืม
6. วิทยาศาสตร์การแพทย์ และสุขภาพ
วิทยาศาสตร์การแพทย์ และสุขภาพ
สถานะ=หนังสือเก่า
WS104 จ493พ ฉ.3 
  Barcode: 002201
ห้องสมุดวิทยาเขตสวรรค์ประชารักษ์
►ส่วนจัดเก็บหนังสือเก่า สปร
บนชั้น
  ขอยืม
7. วิทยาศาสตร์การแพทย์ และสุขภาพ
วิทยาศาสตร์การแพทย์ และสุขภาพ
สถานะ=หนังสือเก่า
WS104 จ493พ ฉ.4 
  Barcode: 002202
ห้องสมุดวิทยาเขตสวรรค์ประชารักษ์
►ส่วนจัดเก็บหนังสือเก่า สปร
บนชั้น
  ขอยืม
8. วิทยาศาสตร์การแพทย์ และสุขภาพ
วิทยาศาสตร์การแพทย์ และสุขภาพ
สถานะ=หนังสือเก่า
WS104 จ493พ ฉ.5 
  Barcode: 002203
ห้องสมุดวิทยาเขตสวรรค์ประชารักษ์
►ส่วนจัดเก็บหนังสือเก่า สปร
บนชั้น
  ขอยืม
9. วิทยาศาสตร์การแพทย์ และสุขภาพ
วิทยาศาสตร์การแพทย์ และสุขภาพ
สถานะ=หนังสือเก่า
WS104 จ493พ ฉ.6 
  Barcode: 002204
ห้องสมุดวิทยาเขตสวรรค์ประชารักษ์
►ส่วนจัดเก็บหนังสือเก่า สปร
บนชั้น
  ขอยืม
10. วิทยาศาสตร์การแพทย์ และสุขภาพ
วิทยาศาสตร์การแพทย์ และสุขภาพ
สถานะ=หนังสือเก่า
WS104 จ493พ ฉ.7 
  Barcode: 002205
ห้องสมุดวิทยาเขตสวรรค์ประชารักษ์
►ส่วนจัดเก็บหนังสือเก่า สปร
บนชั้น
  ขอยืม
11. วิทยาศาสตร์การแพทย์ และสุขภาพ
วิทยาศาสตร์การแพทย์ และสุขภาพ
สถานะ=หนังสือเก่า
WS104 จ493พ ฉ.8 
  Barcode: 002206
ห้องสมุดวิทยาเขตสวรรค์ประชารักษ์
►ส่วนจัดเก็บหนังสือเก่า สปร
บนชั้น
  ขอยืม
12. วิทยาศาสตร์การแพทย์ และสุขภาพ
วิทยาศาสตร์การแพทย์ และสุขภาพ
สถานะ=หนังสือเก่า
WS104 จ493พ ฉ.9 
  Barcode: 002207
ห้องสมุดวิทยาเขตสวรรค์ประชารักษ์
►ส่วนจัดเก็บหนังสือเก่า สปร
บนชั้น
  ขอยืม

รายการใกล้เคียง
    ผู้แต่ง [จิรนันท์ วีรกุล]

    หัวเรื่อง [เด็ก]
    หัวเรื่อง [พัฒนาการของเด็ก]

BibComment


ยังไม่เคยถูกคอมเมนท์

คอมเมนท์ทรัพยากรรายการนี้
  คอมเมนท์: พัฒนาการผิดปกติท..


 Copyright 2026. Bcnsprnw @Library